[Event "60. BEM 2006"]
[Site "Dortmund"]
[Date "2006.03.21"]
[Round "8.10"]
[White "Duschek, Günter"]
[Black "Büchle, Manfred"]
[Result "0-1"]
[WhiteElo "1674"]
[BlackElo "1908"]
[PlyCount "96"]
[EventDate "2006.??.??"]
[Source "SG Dortmund"]
[SourceDate "2004.12.16"]

1. d4 d5 2. Bf4 Nf6 3. Nf3 e6 4. e3 Be7 5. Bd3 O-O 6. c3 c5 7. O-O c4 8. Bc2
Nc6 9. Nbd2 b5 10. a3 Bb7 11. Ne5 a5 12. Ndf3 Ne4 13. Nxc6 Bxc6 14. Ne5 Bb7 15.
f3 Nf6 16. Bg5 Nd7 17. Bxe7 Qxe7 18. Nxd7 Qxd7 19. f4 Qe7 20. Qh5 g6 21. Qh6
Rab8 22. h4 f5 23. Rf3 Qg7 24. Qg5 h6 25. Qg3 Kf7 26. Qh2 h5 27. Rg3 b4 28. Bd1
Qf6 29. Rf3 bxc3 30. bxc3 Bc6 31. g3 Rb6 32. Qa2 Rfb8 33. Rf2 a4 34. Rc1 Qe7
35. Kh2 R8b7 36. Ra1 Qf8 37. Rc1 Qb8 38. Rfc2 Rb1 39. Bf3 R1b3 40. Kh3 Qd6 41.
Kh2 Qxa3 42. Re2 Qxa2 43. Rxa2 a3 44. Rac2 Rb2 45. Kh3 Rxc2 46. Rxc2 Rb2 47.
Rc1 Ba4 48. Ra1 a2 0-1

[Event "60. BEM 2006"]
[Site "Dortmund"]
[Date "2006.03.21"]
[Round "8.11"]
[White "Iwannek, Ralf"]
[Black "Rölz, Marcus"]
[Result "1-0"]
[WhiteElo "1808"]
[BlackElo "1674"]
[PlyCount "95"]
[EventDate "2006.??.??"]
[Source "SG Dortmund"]
[SourceDate "2004.12.16"]

1. e4 e5 2. Nf3 Nf6 3. Nxe5 d6 4. Nf3 Nxe4 5. Qe2 Qe7 6. d3 Nf6 7. Bg5 Qxe2+ 8.
Bxe2 Be7 9. Nc3 Be6 10. Nd4 O-O 11. O-O a6 12. Bf3 Bc8 13. Rae1 Bd8 14. Nd5
Nxd5 15. Bxd8 Rxd8 16. Bxd5 c6 17. Bf3 c5 18. Nb3 Kf8 19. Na5 Ra7 20. Bd5 b6
21. Nc4 Bb7 22. Nxb6 Nd7 23. Nxd7+ Rxd7 24. Bxb7 Raxb7 25. b3 Re7 26. f3 Ke8
27. Kf2 Kd8 28. Rxe7 Rxe7 29. Re1 Rxe1 30. Kxe1 Kc7 31. Kd2 Kc6 32. c3 Kd5 33.
Ke3 a5 34. a3 Kc6 35. Ke4 g6 36. g4 f6 37. h4 h6 38. h5 d5+ 39. Kf4 Kd6 40.
hxg6 Ke6 41. g7 Kf7 42. Kf5 Kxg7 43. Ke6 d4 44. cxd4 cxd4 45. b4 axb4 46. axb4
Kg6 47. b5 f5 48. b6 1-0

[Event "60. BEM 2006"]
[Site "Dortmund"]
[Date "2006.03.21"]
[Round "8.12"]
[White "Ewers, Christian"]
[Black "Gielisch, Eckhart"]
[Result "1/2-1/2"]
[WhiteElo "1662"]
[BlackElo "1807"]
[PlyCount "102"]
[EventDate "2006.??.??"]
[Source "SG Dortmund"]
[SourceDate "2004.12.16"]

1. e4 e6 2. d4 d5 3. e5 c5 4. c3 Nc6 5. Nf3 Qb6 6. a3 a5 7. b3 cxd4 8. cxd4 Bd7
9. Be2 Nge7 10. O-O Nf5 11. Bb2 Be7 12. Kh1 O-O 13. Nc3 f6 14. Na4 Qa7 15. Rc1
Rac8 16. Nc5 b6 17. Nxd7 Qxd7 18. Bb5 Qb7 19. Qe2 Rc7 20. exf6 Rxf6 21. Qc2
Ncxd4 22. Qxc7 Qxc7 23. Rxc7 Nxb5 24. Rxe7 Nxe7 25. Bxf6 gxf6 26. a4 Nd6 27.
Rc1 Ne4 28. Rc7 Nf5 29. Kg1 Nc5 30. Rc6 Nxb3 31. Rxe6 Kf7 32. Rxb6 Nc5 33. Rb5
Nxa4 34. Rxd5 Ke6 35. Rxa5 Nc3 36. Ra6+ Kf7 37. g4 Ne7 38. g5 Ncd5 39. gxf6
Nxf6 40. Ng5+ Kg7 41. Ra7 Nfd5 42. Kg2 Kg6 43. Ne6 h6 44. Kf3 Kf5 45. Nf4 Nc6
46. Rf7+ Nf6 47. Kg3 Ne5 48. Rf8 Ned7 49. Re8 Ne4+ 50. Kf3 Ne5+ 51. Ke3 Ng4+
1/2-1/2

[Event "60. BEM 2006"]
[Site "Dortmund"]
[Date "2006.03.21"]
[Round "8.13"]
[White "Ziemek, Gerhard"]
[Black "Klein, Hans-Joachim"]
[Result "0-1"]
[WhiteElo "1591"]
[BlackElo "1781"]
[PlyCount "78"]
[EventDate "2006.??.??"]
[Source "SG Dortmund"]
[SourceDate "2004.12.16"]

1. d4 d5 2. e4 dxe4 3. Nc3 Bf5 4. f3 exf3 5. Nxf3 h6 6. Bc4 e6 7. O-O Bd6 8. d5
e5 9. Nxe5 Bxe5 10. Rxf5 Bxh2+ 11. Kf1 Nf6 12. Qf3 a6 13. Bd2 Qd6 14. Re1+ Kd8
15. Ne4 Nxe4 16. Qxe4 f6 17. a3 a5 18. b4 Be5 19. Bb3 Nd7 20. c4 axb4 21. axb4
b6 22. Rc1 Ra1 23. Rxa1 Bxa1 24. Ba4 Re8 25. Qg4 Re7 26. Bxd7 Qxd7 27. c5 Re5
28. Rf4 Qxg4 29. Rxg4 Rxd5 30. Be3 f5 31. Rg6 bxc5 32. Bxc5 Bf6 33. Be3 Ke7 34.
Bc5+ Kf7 35. Rg3 g5 36. Ra3 Be7 37. Bxe7 Kxe7 38. Ra7 Kd7 39. Ra8 Rd6 0-1

[Event "60. BEM 2006"]
[Site "Dortmund"]
[Date "2006.03.21"]
[Round "8.14"]
[White "Vojdani, Bahram"]
[Black "Jähnicke, Karl-Heinz"]
[Result "0-1"]
[WhiteElo "1657"]
[BlackElo "1763"]
[PlyCount "129"]
[EventDate "2006.??.??"]
[Source "SG Dortmund"]
[SourceDate "2004.12.16"]

1. Nf3 d5 2. d4 Nf6 3. e3 e6 4. c4 c6 5. Nc3 Bd6 6. Bd3 Nbd7 7. e4 dxe4 8. Nxe4
Nxe4 9. Bxe4 Nf6 10. Bd3 O-O 11. O-O h6 12. Re1 b6 13. Be3 Bb7 14. a3 c5 15.
Ne5 Qc7 16. f4 Rad8 17. Qe2 cxd4 18. Bxd4 Bc5 19. Bxc5 Qxc5+ 20. Qf2 Qxf2+ 21.
Kxf2 Ng4+ 22. Nxg4 Rxd3 23. Ne3 Rd4 24. g3 Be4 25. Rac1 Rd3 26. Red1 Rfd8 27.
Ke2 Bg6 28. Rxd3 Bxd3+ 29. Kf2 Kf8 30. Rd1 Ke7 31. Rd2 f5 32. Rd1 g5 33. Rd2 g4
34. Rd1 h5 35. Rd2 Rd6 36. Rd1 Kd7 37. Rd2 Kc6 38. b3 Kc5 39. b4+ Kd4 40. Nc2+
Kxc4 41. Ke3 Rd5 42. Ne1 Be4 43. Nc2 Rxd2 44. Kxd2 Bxc2 45. Kxc2 b5 46. Kd2 Kb3
47. Kd3 a6 48. Kd4 Kxa3 49. Ke5 Kxb4 50. Kxe6 a5 51. Kxf5 a4 52. Kg5 a3 53. f5
a2 54. f6 a1=Q 55. Kg6 Qe5 56. f7 Qe6+ 57. Kg7 Qe7 58. Kg8 Qg5+ 59. Kh7 Qf6 60.
Kg8 Qg6+ 61. Kf8 Kc5 62. Ke7 Qd6+ 63. Ke8 Qe6+ 64. Kf8 Kd6 65. Kg7 0-1

[Event "60. BEM 2006"]
[Site "Dortmund"]
[Date "2006.03.21"]
[Round "8.16"]
[White "Rzoczek, Christoph"]
[Black "Volmer, Martin"]
[Result "1-0"]
[WhiteElo "1577"]
[BlackElo "1704"]
[PlyCount "85"]
[EventDate "2006.??.??"]
[Source "SG Dortmund"]
[SourceDate "2004.12.16"]

1. d4 Nf6 2. Nf3 d5 3. Nbd2 e6 4. e3 c5 5. Be2 Nc6 6. O-O Bd6 7. c4 Qc7 8. b3
cxd4 9. exd4 O-O 10. c5 Be7 11. Bb2 b6 12. Rc1 bxc5 13. dxc5 e5 14. Bb5 e4 15.
Bxc6 Qxc6 16. Ne5 Qc7 17. Kh1 Nd7 18. f4 Bf6 19. b4 Nxe5 20. fxe5 Bxe5 21. Bxe5
Qxe5 22. Nb3 Ba6 23. Re1 Rab8 24. a3 f5 25. c6 Bc8 26. Rc5 Be6 27. Nd4 Bf7 28.
b5 Rfc8 29. c7 Rb7 30. Nc6 Qd6 31. Rxd5 Bxd5 32. Ne7+ Qxe7 33. Qxd5+ Kh8 34.
Qxb7 Qxc7 35. Qxc7 Rxc7 36. Kg1 g6 37. Kf2 Rc2+ 38. Re2 Rxe2+ 39. Kxe2 Kg7 40.
a4 Kf7 41. a5 Ke7 42. b6 axb6 43. a6 1-0

[Event "60. BEM 2006"]
[Site "Dortmund"]
[Date "2006.03.21"]
[Round "8.17"]
[White "Hoppe, Dirk"]
[Black "Orlowski, Wilfried"]
[Result "1-0"]
[WhiteElo "1861"]
[BlackElo "1590"]
[PlyCount "85"]
[EventDate "2006.??.??"]
[Source "SG Dortmund"]
[SourceDate "2004.12.16"]

1. e4 c5 2. Nc3 Nc6 3. g3 e5 4. Bg2 a6 5. a4 Nf6 6. Nge2 d6 7. d3 h6 8. O-O Be7
9. f4 Bg4 10. h3 Bxe2 11. Nxe2 Qc7 12. c3 O-O-O 13. Bd2 Qb6 14. Kh1 Qxb2 15.
Rb1 Qa2 16. c4 Nb4 17. Bxb4 cxb4 18. Rxb4 d5 19. Nc3 Qa3 20. Rb3 Qc5 21. Nxd5
exf4 22. gxf4 Rhe8 23. Nxe7+ Rxe7 24. e5 Ne8 25. Qf3 Rdd7 26. Rfb1 Qa7 27. h4
Kb8 28. c5 Rc7 29. d4 g6 30. d5 Qxc5 31. d6 Nxd6 32. exd6 Qxd6 33. Rxb7+ Rxb7
34. Rxb7+ Kc8 35. Rxe7 Qxe7 36. Qa8+ Kd7 37. Qb7+ Ke6 38. Qxa6+ Kf5 39. Qd3+
Kxf4 40. Qf3+ Ke5 41. Qe4+ Kf6 42. Qxe7+ Kxe7 43. a5 1-0

[Event "60. BEM 2006"]
[Site "Dortmund"]
[Date "2006.03.21"]
[Round "8.18"]
[White "Ziperstein, Jakob"]
[Black "Wilms, Christoph"]
[Result "1-0"]
[WhiteElo "1838"]
[BlackElo "1526"]
[PlyCount "69"]
[EventDate "2006.??.??"]
[Source "SG Dortmund"]
[SourceDate "2004.12.16"]

1. e4 c5 2. Nf3 d6 3. Nc3 Nf6 4. d4 cxd4 5. Nxd4 a6 6. Be2 e5 7. Nf3 h6 8. h3
Be6 9. Be3 Nbd7 10. O-O Be7 11. Qd2 O-O 12. Nh2 Rc8 13. f3 Nb6 14. Rf2 Nc4 15.
Bxc4 Rxc4 16. Rd1 Qc8 17. Nd5 Bxd5 18. exd5 Nh5 19. c3 Bh4 20. Rff1 Ng3 21.
Rfe1 Nf5 22. Bf2 Bg5 23. Qd3 b5 24. Re4 Rc7 25. Nf1 Ne7 26. a4 Rc4 27. axb5
axb5 28. Ra1 Rxe4 29. fxe4 Qc4 30. Qxc4 bxc4 31. Be3 f5 32. Bxg5 hxg5 33. Ra7
Kf7 34. exf5 Kf6 35. Ne3 1-0

[Event "60. BEM 2006"]
[Site "Dortmund"]
[Date "2006.03.21"]
[Round "8.19"]
[White "Grawe, Herbert"]
[Black "Sonntag, Joachim"]
[Result "0-1"]
[WhiteElo "1477"]
[BlackElo "1787"]
[PlyCount "52"]
[EventDate "2006.??.??"]
[Source "SG Dortmund"]
[SourceDate "2004.12.16"]

1. Nc3 e5 2. e4 Nf6 3. Bc4 Nc6 4. a3 Bc5 5. Nf3 O-O 6. d3 h6 7. O-O d6 8. Ba2
Bg4 9. Na4 Nd4 10. Nxc5 dxc5 11. Be3 Qd6 12. Kh1 Rad8 13. c3 Nc6 14. h3 Bc8 15.
Qa4 b6 16. Rad1 Bd7 17. Qc2 Be6 18. b3 Qe7 19. Qc1 Rd6 20. Bxh6 gxh6 21. Qxh6
Nh7 22. Qh5 Qf6 23. d4 cxd4 24. cxd4 Nxd4 25. Rd3 Nc6 26. Nh4 Rxd3 0-1

[Event "60. BEM 2006"]
[Site "Dortmund"]
[Date "2006.03.21"]
[Round "8.20"]
[White "Schultz, Bernfried"]
[Black "Rutmann, Ulrich"]
[Result "1-0"]
[WhiteElo "1716"]
[BlackElo "1393"]
[PlyCount "33"]
[EventDate "2006.??.??"]
[Source "SG Dortmund"]
[SourceDate "2004.12.16"]

1. e4 d6 2. d4 Nf6 3. Nc3 g6 4. f4 Bg4 5. Nf3 Bg7 6. Bd3 c6 7. Be3 Qd7 8. h3
Bxf3 9. Qxf3 Qc7 10. O-O Nbd7 11. e5 dxe5 12. fxe5 O-O-O 13. exf6 exf6 14. b4
Nb6 15. b5 f5 16. bxc6 bxc6 17. Ba6+ 1-0

[Event "60. BEM 2006"]
[Site "Dortmund"]
[Date "2006.03.21"]
[Round "8.22"]
[White "Jentzsch, Werner Wilfried"]
[Black "Sennholz, Michael"]
[Result "0-1"]
[WhiteElo "1429"]
[BlackElo "1674"]
[PlyCount "58"]
[EventDate "2006.??.??"]
[Source "SG Dortmund"]
[SourceDate "2004.12.16"]

1. d4 Nf6 2. c4 g6 3. Nc3 Bg7 4. e4 d6 5. f4 Nbd7 6. Nf3 O-O 7. Bd3 Ne8 8. O-O
e5 9. fxe5 dxe5 10. d5 f5 11. exf5 gxf5 12. Ng5 Nc5 13. Qh5 h6 14. Ne6 Bxe6 15.
Bc2 Bd7 16. Bxh6 Bxh6 17. Qxh6 Qf6 18. Qh5 Ng7 19. Qh3 e4 20. Qe3 Qb6 21. b3 f4
22. Qf2 Nf5 23. Nxe4 Ne3 24. Nxc5 Qxc5 25. Rfc1 Rae8 26. Kh1 Qd4 27. Rd1 Nxd1
28. Qxd4 Re1+ 29. Qg1 Nf2# 0-1

[Event "60. BEM 2006"]
[Site "Dortmund"]
[Date "2006.03.21"]
[Round "8.23"]
[White "Schaefer, Ulrich"]
[Black "Noori, Mir Ahmad"]
[Result "0-1"]
[WhiteElo "1412"]
[BlackElo "1639"]
[PlyCount "60"]
[EventDate "2006.??.??"]
[Source "SG Dortmund"]
[SourceDate "2004.12.16"]

1. e4 e6 2. Nf3 g6 3. d4 Bg7 4. Nc3 a6 5. Be3 Ne7 6. e5 Nbc6 7. Qd2 h6 8. Bd3
d6 9. Bf4 Nb4 10. Ne4 Nxd3+ 11. Qxd3 d5 12. Nf6+ Bxf6 13. exf6 Ng8 14. Be5 Nxf6
15. Nh4 Rg8 16. Qf3 Nd7 17. Qe3 Qxh4 18. O-O-O Nxe5 19. dxe5 Qg5 20. f4 Qxg2
21. Qc5 c6 22. Qd6 Qe4 23. Rhf1 Qe3+ 24. Kb1 Qb6 25. h4 Qd8 26. Qc5 h5 27. Qf2
Bd7 28. Qg3 Qe7 29. f5 exf5 30. e6 Bxe6 0-1

[Event "60. BEM 2006"]
[Site "Dortmund"]
[Date "2006.03.21"]
[Round "8.24"]
[White "Baier, Jörg"]
[Black "Mueller, Siegfried"]
[Result "1/2-1/2"]
[WhiteElo "1388"]
[BlackElo "1555"]
[PlyCount "69"]
[EventDate "2006.??.??"]
[Source "SG Dortmund"]
[SourceDate "2004.12.16"]

1. d4 d5 2. c4 e6 3. Nc3 Nf6 4. Bg5 Nbd7 5. e3 c6 6. Nf3 Qa5 7. Nd2 Bb4 8. Qc2
O-O 9. Be2 dxc4 10. Bh4 Bxc3 11. bxc3 b5 12. O-O Nd5 13. Rfc1 N7b6 14. Bf3 Bb7
15. Bg3 Qa4 16. Qb2 Qa5 17. Bd1 Nd7 18. Bd6 Rfe8 19. e4 N5f6 20. Bb4 Qc7 21. a4
a6 22. axb5 cxb5 23. e5 Nd5 24. Bd6 Qc8 25. Nf3 Nf4 26. Qd2 Nd3 27. Rc2 Be4 28.
Rca2 Nb6 29. Ng5 Bg6 30. Bf3 Nd5 31. Bxd5 exd5 32. Nh3 Re6 33. Nf4 Nxf4 34.
Qxf4 Bd3 35. Qg4 1/2-1/2

[Event "60. BEM 2006"]
[Site "Dortmund"]
[Date "2006.03.21"]
[Round "8.26"]
[White "Gennat, Egon L"]
[Black "Skoecz, Horst"]
[Result "0-1"]
[WhiteElo "1380"]
[BlackElo "1456"]
[PlyCount "82"]
[EventDate "2006.??.??"]
[Source "SG Dortmund"]
[SourceDate "2004.12.16"]

1. e4 c6 2. d4 e6 3. Nf3 d6 4. c4 h6 5. Be2 Be7 6. Nc3 Nd7 7. Bf4 g5 8. Bg3 h5
9. h3 Qa5 10. Qd2 Qd8 11. c5 dxc5 12. dxc5 Nxc5 13. Qxd8+ Bxd8 14. Bd6 Be7 15.
Rd1 Nf6 16. Bxe7 Kxe7 17. Nxg5 Rg8 18. h4 e5 19. O-O Ne6 20. Nf3 Ng4 21. Rd2
Nf4 22. Rc1 Be6 23. Ng5 Nxe2+ 24. Nxe2 Bxa2 25. b3 Bxb3 26. Rb1 Rgd8 27. Rdb2
f6 28. Nf3 Bc4 29. Rxb7+ Ke6 30. Ng3 Bd3 31. Re1 Rd7 32. Rxd7 Kxd7 33. Nxh5 Ke7
34. g3 Rb8 35. Nh2 Nxh2 36. Kxh2 Rb4 37. f3 Rb2+ 38. Kh3 Rb1 39. Re3 Rb3 40.
Kg4 Bc4 41. Re1 Be6# 0-1

[Event "60. BEM 2006"]
[Site "Dortmund"]
[Date "2006.03.21"]
[Round "8.27"]
[White "Sroka, Andreas"]
[Black "Benke, Werner"]
[Result "0-1"]
[WhiteElo "1342"]
[BlackElo "1552"]
[PlyCount "90"]
[EventDate "2006.??.??"]
[Source "SG Dortmund"]
[SourceDate "2004.12.16"]

1. Nf3 d5 2. g3 Nf6 3. Bg2 g6 4. c4 c6 5. b3 Bg7 6. Bb2 O-O 7. O-O Nbd7 8. d4
Ne4 9. Nc3 Ndf6 10. Ne5 Nxc3 11. Bxc3 Ng4 12. e4 Nf6 13. exd5 cxd5 14. Qe2 e6
15. Rab1 b6 16. cxd5 Nxd5 17. Qc4 Bb7 18. Ba1 a5 19. Rfc1 Rc8 20. Qe2 Qe7 21.
h4 Bh6 22. f4 Rxc1+ 23. Rxc1 Bxf4 24. gxf4 Nxf4 25. Qf2 Nxg2 26. Rc6 Nxh4 27.
Rxb6 Qg5+ 28. Kh2 Be4 29. Nxf7 Qh5 30. Kg3 Nf5+ 31. Kf4 Bd5 32. Qe1 Qh2+ 33.
Kg4 Qg2+ 34. Kf4 Qh2+ 35. Kg5 Rxf7 36. Rxe6 Qg2+ 37. Kf4 Nxd4+ 38. Ke5 Nxe6 39.
Kd6 Qe4 40. Qc3 Qf4+ 41. Kxd5 Qf5+ 42. Kd6 Ng7 43. a4 Rd7+ 44. Kc6 Qe6+ 45. Kc5
Rc7+ 0-1

[Event "60. BEM 2006"]
[Site "Dortmund"]
[Date "2006.03.21"]
[Round "8.28"]
[White "Schröder, Marcel"]
[Black "Schrimpl, Michael"]
[Result "0-1"]
[WhiteElo "1452"]
[BlackElo "1497"]
[PlyCount "60"]
[EventDate "2006.??.??"]
[Source "SG Dortmund"]
[SourceDate "2004.12.16"]

1. e4 c6 2. d4 d5 3. e5 Bf5 4. Bd3 Bxd3 5. Qxd3 e6 6. Nf3 Nd7 7. c3 c5 8. dxc5
Bxc5 9. b4 Be7 10. a4 a6 11. Be3 h5 12. h4 Nh6 13. Nbd2 Nf5 14. g3 Rc8 15. Rc1
Nxe3 16. Qxe3 Bxb4 17. O-O Bc5 18. Nd4 Rh6 19. f4 f5 20. exf6 Qxf6 21. f5 Bxd4
22. cxd4 Rxc1 23. Rxc1 Kd8 24. fxe6 Qxe6 25. Qg5+ Rf6 26. Qxg7 Qe3+ 27. Kh1
Qxd2 28. Qg8+ Rf8 29. Qg5+ Qxg5 30. hxg5 Rg8 0-1

[Event "60. BEM 2006"]
[Site "Dortmund"]
[Date "2006.03.21"]
[Round "8.29"]
[White "Bötzel, Sascha"]
[Black "Zabel, Reinhard"]
[Result "1/2-1/2"]
[WhiteElo "1300"]
[BlackElo "1466"]
[PlyCount "92"]
[EventDate "2006.??.??"]
[Source "SG Dortmund"]
[SourceDate "2004.12.16"]

1. d4 d5 2. c4 e6 3. Nc3 Nf6 4. Bg5 Be7 5. e3 O-O 6. Nf3 h6 7. Bh4 b6 8. cxd5
Nxd5 9. Bxe7 Qxe7 10. Nxd5 exd5 11. Bd3 Bg4 12. O-O Nd7 13. Rc1 c5 14. b3 Rac8
15. Re1 Nf6 16. dxc5 Rxc5 17. Rxc5 Qxc5 18. Qc1 Rc8 19. Qxc5 Rxc5 20. Ne5 Rc3
21. f3 Be6 22. Kf2 Kf8 23. Re2 Ke7 24. Rc2 Rxc2+ 25. Bxc2 Kd6 26. Nd3 Bf5 27.
g4 Bxd3 28. Bxd3 Kc5 29. a3 Nd7 30. f4 Kd6 31. Kf3 g5 32. b4 f6 33. Bf5 Nb8 34.
Bd3 a5 35. fxg5 fxg5 36. Bb5 axb4 37. axb4 Nc6 38. Bxc6 Kxc6 39. Ke2 Kb5 40.
Kd3 Kc6 41. Kd4 Kd6 42. h3 Ke6 43. e4 dxe4 44. Kxe4 Kd6 45. Kd4 Kc6 46. Kc4 b5+
1/2-1/2

[Event "60. BEM 2006"]
[Site "Dortmund"]
[Date "2006.03.21"]
[Round "8.30"]
[White "Krüger, Inge"]
[Black "Pachura, Karl-Heinz"]
[Result "0-1"]
[WhiteElo "1351"]
[BlackElo "1309"]
[PlyCount "118"]
[EventDate "2006.??.??"]
[Source "SG Dortmund"]
[SourceDate "2004.12.16"]

1. d4 d5 2. c4 Nf6 3. Nc3 e6 4. Bg5 c6 5. cxd5 cxd5 6. Nf3 Be7 7. e3 Nbd7 8.
Be2 Nb6 9. O-O Nfd7 10. Bxe7 Qxe7 11. Qc2 Nf8 12. Rac1 Bd7 13. a3 Rc8 14. Qb1
Ng6 15. Nb5 a6 16. Na7 Ra8 17. Bxa6 Rxa7 18. Bd3 O-O 19. Rfe1 Raa8 20. Rc7 Rab8
21. Rec1 Na8 22. R7c5 f5 23. g3 Bc6 24. h4 Qf6 25. h5 Ne7 26. Ne5 Nb6 27. Nxc6
bxc6 28. Qc2 Nd7 29. Ra5 Rfd8 30. b4 Ra8 31. Ba6 Nb8 32. Bd3 Rxa5 33. bxa5 Qf7
34. a6 Nc8 35. Qc5 Qa7 36. Qa5 Rd7 37. Rb1 Ne7 38. Rb7 Rxb7 39. Qd8+ Kf7 40.
axb7 Qxb7 41. a4 Nd7 42. a5 Qc8 43. Qxc8 Nxc8 44. a6 Na7 45. Kf1 Kf6 46. f3 h6
47. Ke2 Ke7 48. Kd2 Kd8 49. Kc3 Kc7 50. Kb4 Kb6 51. e4 fxe4 52. fxe4 c5+ 53.
dxc5+ Nxc5 54. Bc2 dxe4 55. Kc3 Nb5+ 56. Kd2 Kxa6 57. Ke3 Nd6 58. Kd4 Kb6 59.
Bb1 Nf5+ 0-1

[Event "60. BEM 2006"]
[Site "Dortmund"]
[Date "2006.03.21"]
[Round "8.31"]
[White "Fahle, Karl-Wilhelm"]
[Black "Sölbrandt, Robin"]
[Result "1-0"]
[WhiteElo "1185"]
[BlackElo "1336"]
[PlyCount "61"]
[EventDate "2006.??.??"]
[Source "SG Dortmund"]
[SourceDate "2004.12.16"]

1. e4 e5 2. f4 d6 3. Nf3 Nc6 4. Bb5 Bd7 5. Nc3 Nf6 6. O-O Be7 7. Bc4 Bg4 8. h3
Bd7 9. d4 exd4 10. Nxd4 Nxd4 11. Qxd4 b6 12. Nd5 Nxd5 13. Bxd5 c6 14. Qxg7 Rf8
15. Bb3 Bf6 16. Qh6 Qe7 17. e5 dxe5 18. fxe5 Bxe5 19. Bf4 O-O-O 20. Rae1 Bd4+
21. Kh1 Qf6 22. Qxh7 Bxb2 23. Qd3 b5 24. Qf3 Rh8 25. a4 a6 26. a5 Rh7 27. Qg3
Qd4 28. Bb8 Kb7 29. Qc7+ Ka8 30. Qxd8 Qd2 31. Bf4+ 1-0

[Event "60. BEM 2006"]
[Site "Dortmund"]
[Date "2006.03.21"]
[Round "8.32"]
[White "Dedeck, Sylvia"]
[Black "Marienfeld, Udo"]
[Result "0-1"]
[WhiteElo "984"]
[BlackElo "1220"]
[PlyCount "66"]
[EventDate "2006.??.??"]
[Source "SG Dortmund"]
[SourceDate "2004.12.16"]

1. d4 d5 2. c4 e6 3. Nc3 c6 4. Bf4 dxc4 5. e3 b5 6. a4 Bb4 7. axb5 cxb5 8. Nge2
Nf6 9. Qc2 Bb7 10. f3 Nbd7 11. Rd1 Nd5 12. Ng3 Nxf4 13. exf4 Nf6 14. Be2 Nd5
15. Qd2 Qf6 16. O-O Qxf4 17. Qxf4 Nxf4 18. Nxb5 Nxe2+ 19. Nxe2 O-O 20. Nf4 a6
21. Nd6 Bxd6 22. Ne2 Rfd8 23. Nc3 Rd7 24. d5 exd5 25. Nxd5 Bxd5 26. Rxd5 Rad8
27. Ra1 Rc8 28. Rxa6 Rcd8 29. Rc6 Bxh2+ 30. Kxh2 Rxd5 31. Rxc4 Rb5 32. b4 g6
33. g4 Rdb8 0-1

[Event "60. BEM 2006"]
[Site "Dortmund"]
[Date "2006.03.21"]
[Round "8.34"]
[White "Hansen, Jochen"]
[Black "Müller, Michaela"]
[Result "1-0"]
[WhiteElo "1232"]
[BlackElo "1098"]
[PlyCount "109"]
[EventDate "2006.??.??"]
[Source "SG Dortmund"]
[SourceDate "2004.12.16"]

1. e4 e6 2. Nf3 d5 3. exd5 exd5 4. d4 Nf6 5. Bb5+ Bd7 6. Qe2+ Be7 7. O-O O-O 8.
Bf4 Bg4 9. Qd3 c6 10. Ba4 Bd6 11. Ne5 Qc7 12. Qg3 Rd8 13. Nxg4 Nxg4 14. Bxd6
Qxd6 15. Qxg4 Nd7 16. c3 Re8 17. Nd2 Nf6 18. Qf3 Re7 19. Rae1 Rae8 20. Rxe7
Rxe7 21. Qd3 Ng4 22. Nf3 Nf6 23. Bc2 g6 24. Qd2 Kg7 25. Re1 Rc7 26. Qe2 a6 27.
Qe5 Rd7 28. Qxd6 Rxd6 29. Re7 Rd7 30. Rxd7 Nxd7 31. Ne5 Nf8 32. f4 f6 33. Ng4
f5 34. Ne5 Ne6 35. g3 Kf6 36. Kf2 Ng7 37. Nd7+ Ke7 38. Nc5 b5 39. Nxa6 Kd6 40.
Nc5 Ne6 41. Nxe6 Kxe6 42. a4 bxa4 43. Bxa4 Kd6 44. b4 Kc7 45. Kf3 Kd6 46. h3 h5
47. h4 Kc7 48. Ke3 Kd6 49. Kd3 Kc7 50. c4 Kd6 51. c5+ Kc7 52. Kc3 Kb7 53. b5
cxb5 54. Bxb5 Kc7 55. Be8 1-0

[Event "60. BEM 2006"]
[Site "Dortmund"]
[Date "2006.03.23"]
[Round "9.1"]
[White "Goldschmidt, Christian"]
[Black "Tkachuk, Sergiy"]
[Result "1/2-1/2"]
[WhiteElo "2085"]
[BlackElo "2068"]
[PlyCount "122"]
[EventDate "2006.??.??"]
[Source "SG Dortmund"]
[SourceDate "2004.12.16"]

1. e4 c5 2. c4 e5 3. d3 d6 4. g3 f5 5. Bh3 fxe4 6. Bxc8 Qxc8 7. dxe4 Nc6 8. Nc3
Nd4 9. Be3 Nf6 10. Qa4+ Qc6 11. Qxc6+ bxc6 12. O-O-O Ng4 13. h3 Nxe3 14. fxe3
Ne6 15. Rh2 Be7 16. Rf2 Rf8 17. Rxf8+ Bxf8 18. Kc2 g6 19. Nf3 Ke7 20. Kd3 Bh6
21. Ke2 Rf8 22. Rh1 Bg5 23. h4 Bf6 24. h5 Bg5 25. Nd2 Kf7 26. hxg6+ hxg6 27.
Rh7+ Ng7 28. Nf3 Be7 29. g4 Kg8 30. Rh6 Kf7 31. b3 Ne6 32. Nd1 Kg7 33. Rh1 Rb8
34. Nc3 Rf8 35. Rh2 Rb8 36. Rh3 Rf8 37. Rh1 Rb8 38. Na4 Rf8 39. Rh3 Rb8 40. Rh1
Rf8 41. Nb2 Rb8 42. Nd3 Rb6 43. Rb1 a5 44. a3 Kf6 45. Nd2 Ng5 46. b4 axb4 47.
axb4 cxb4 48. Rxb4 Rxb4 49. Nxb4 c5 50. Nd5+ Ke6 51. Nc3 Bd8 52. Nf3 Nh7 53.
Nd5 Ng5 54. Nxg5+ Bxg5 55. Kd3 Kd7 56. Kc3 Kc6 57. Kb3 Kb7 58. Ka4 Ka6 59. Nc7+
Kb6 60. Nd5+ Ka6 61. Nc7+ Kb6 1/2-1/2

[Event "60. BEM 2006"]
[Site "Dortmund"]
[Date "2006.03.23"]
[Round "9.2"]
[White "Tkachuk, Konstantyn"]
[Black "Eismont, Igor"]
[Result "0-1"]
[WhiteElo "1927"]
[BlackElo "2239"]
[PlyCount "64"]
[EventDate "2006.??.??"]
[Source "SG Dortmund"]
[SourceDate "2004.12.16"]

1. e4 c6 2. d4 d5 3. e5 Bf5 4. g4 Be4 5. f3 Bg6 6. h4 h5 7. e6 Qd6 8. exf7+
Bxf7 9. g5 Nd7 10. f4 Bg6 11. Bd3 Bxd3 12. Qxd3 e6 13. Nf3 Ne7 14. c3 g6 15.
Be3 Nf5 16. Nbd2 Bg7 17. Ne5 Bxe5 18. fxe5 Qc7 19. Bf2 O-O 20. O-O c5 21. b3
Rac8 22. Rac1 cxd4 23. cxd4 Qxc1 24. Rxc1 Rxc1+ 25. Kg2 Rfc8 26. a4 a6 27. b4
R8c3 28. Qe2 Nb6 29. a5 Nc4 30. Nxc4 Rxc4 31. Qb2 R4c2 32. Qb3 Nxh4+ 0-1

[Event "60. BEM 2006"]
[Site "Dortmund"]
[Date "2006.03.23"]
[Round "9.3"]
[White "Zelt, Jens"]
[Black "Begna, Bozidar"]
[Result "1-0"]
[WhiteElo "2036"]
[BlackElo "2002"]
[PlyCount "95"]
[EventDate "2006.??.??"]
[Source "SG Dortmund"]
[SourceDate "2004.12.16"]

1. d4 Nf6 2. Nf3 c5 3. c3 Qc7 4. g3 g6 5. Bg2 Bg7 6. O-O O-O 7. Bf4 d6 8. dxc5
Qxc5 9. Nbd2 Nc6 10. e4 Bg4 11. h3 Bxf3 12. Qxf3 Ne5 13. Qe2 a6 14. Be3 Qc7 15.
f4 Ned7 16. Bf3 Nc5 17. g4 Nfd7 18. Kh1 e6 19. Rf2 f5 20. exf5 exf5 21. Bd5+
Kh8 22. g5 Rae8 23. h4 Nb6 24. Bg2 Qe7 25. Rf3 Nd5 26. Nf1 Ne4 27. Qc4 Nxe3 28.
Rxe3 Rc8 29. Qb3 Rfe8 30. h5 Qd7 31. hxg6 Nc5 32. Qd1 Rxe3 33. Nxe3 hxg6 34.
Bd5 Bf8 35. Kg2 Ne6 36. Qf3 Kg8 37. Rh1 Bg7 38. Kg3 Kf7 39. Re1 Rc5 40. Bxe6+
Qxe6 41. Qxb7+ Kg8 42. Qxa6 Qd7 43. Qd3 Ra5 44. Nd5 Qb7 45. Ne7+ Kf7 46. Qxd6
Ra6 47. Nxf5 gxf5 48. g6+ 1-0

[Event "60. BEM 2006"]
[Site "Dortmund"]
[Date "2006.03.23"]
[Round "9.4"]
[White "Hartung, Thomas"]
[Black "Zeldin, Vitali"]
[Result "0-1"]
[WhiteElo "1866"]
[BlackElo "1886"]
[PlyCount "70"]
[EventDate "2006.??.??"]
[Source "SG Dortmund"]
[SourceDate "2004.12.16"]

1. e4 c5 2. Nf3 d6 3. d4 cxd4 4. Nxd4 Nf6 5. Nc3 g6 6. Be3 Bg7 7. f3 O-O 8. Qd2
Nc6 9. Bc4 Bd7 10. O-O-O Rc8 11. Bb3 Nxd4 12. Bxd4 b5 13. Bxa7 b4 14. Ne2 Qa5
15. Bd4 Rc7 16. Kb1 Rfc8 17. c3 bxc3 18. Bxc3 Qa6 19. g4 Be6 20. Bxe6 fxe6 21.
Qd3 Qb7 22. Rc1 d5 23. exd5 exd5 24. Be5 Rc4 25. g5 Nd7 26. Bxg7 Kxg7 27. Rxc4
Rxc4 28. h4 e5 29. h5 Rb4 30. h6+ Kf7 31. Qc2 d4 32. Qc1 Qb5 33. Qd2 Nc5 34. a3
Rb3 35. Ka2 Rxf3 0-1